LDR 00716nam a2200205 i 4500 001 000000163375 003 CaOOAMICUS 005 20070725000000.0 008 070725s1947 it u000 u ita u 013 $a140739 040 $aSeMil$bita 100 1 $aBottesini, Archimede.$0(OLS)http://semarc/name/61903 245 12$aI canti dell'Adda /$cArchimede Bottesini. 260 $a[S.l.] :$bMontuoro,$cstampa 1947. 300 $a252 p. ;$c21 cm. 850 $aSeMil 852 $aSeMil$W1$xVenegono$y1$m1A III 65$j245953$B114669$CSeMilBibl$Z2$F125463 $81 961 $aRecupero: Altro 996 $6245$aI canti dell'Adda$9(OLS)http://semarc/title/233075 996 $6260$a[S.l.] :$bMontuoro$9(OLS)http://semarc/publisher/34816